000 00628cab a2200205 4500
001 X839
008 090401t1993 xxu||||| |||| 00| 0 eng d
035 _a(Sirsi) u67703
041 _aeng
245 _aPurbeck DC and Bond
260 _c1993
350 _a0
490 _aPlanning Appeal Decisions
_v(1993) 8 PAD 255-258(4)
520 _a25 January 1993. Concerned the colour of a burglar alarm on a starred grade II listed building, 51 West Street, Corfe Castle, Dorset.
650 _aBURGLAR ALARMS
650 _aLISTED BUILDINGS
690 _aPLANNING LAW AND PRACTICE-CASE LAW
942 _n0
948 _c04/03/1997
999 _c42388
_d42388